Statistics for History Chain Quiz #5

Click here to take the quiz!

General Stats

  • This quiz has been taken 79 times
  • The average score is 7 of 15

Answer Stats

ClueAnswer% Correct
Economic depression of the 1930sGreat Depression
81%
Ancient Greek city stateSparta
81%
Resting place of Prophet MuhammadMedina
75%
House of AustriaHabsburg
65%
Former ruling house of RussiaRomanov
62%
Occupied France during WWIIVichy France
62%
He discovered GreenlandErik the Red
56%
Alleged French seerNostradamus
46%
WWI BattleSomme
38%
Dutch colony of IndonesiaEast Indies
34%
The "Great" Mughal EmperorAkbar
22%
Mark Antony's final defeatActium
21%
Founder of the Achaemenid EmpireCyrus
19%
Largest chariot battle in historyKadesh
10%
Turko-Persian EmpireSeljuk
9%

Score Distribution

Percentile by Number Answered

Percent of People with Each Score

Your Score History

You have not taken this quiz